LEADER 01543cam1-22005171i-450 001 990007463270403321 005 20260217094527.0 010 $a88-204-2358-8 035 $a000746327 035 $aFED01000746327 035 $a(Aleph)000746327FED01 100 $a20030814d1987----km-y0itay50------ba 101 0 $aita 102 $aIT 105 $ay-------101yy 200 1 $a<>Europa e l'economia politica del sistema-mondo$fSamir Amin ... [et al.]$ga cura di Riccardo Parboni e Immanuel Wallerstein 210 $aMilano$cFrancoAngeli$d1987 215 $a267 p.$d22 cm 225 1 $aEconomia$iSez. 5$v17 300 $aPresentate a un convegno tenuto a Modena nel 1986 610 0 $aEuropa$aEconomia politica 610 0 $aEconomia politica 610 0 $aEuropa$aCondizioni economiche 676 $a330.94 676 $a320.94 702 1$aParboni,$bRiccardo 702 1$aWallerstein,$bImmanuel$f<1930- > 702 1$aAmin,$bSamir$f<1931- > 801 0$aIT$bUNINA$gRICA$2UNIMARC 901 $aBK 912 $a990007463270403321 952 $aA-Eu 0023$bB.c.4738$fILFGE 952 $aO/1243 EUR$b5437$fSES 952 $aSE 096.01.23-$b1418$fDECSE 952 $aSE 094.02.18-$b1285$fDECSE 952 $aB 6636$bBIBL.4738$fFLFBC 952 $a330.94 PAR 1$b2493$fBFS 952 $aISVE A02.40$fDECTS 959 $aILFGE 959 $aSES 959 $aDECSE 959 $aFLFBC 959 $aBFS 959 $aDECTS 996 $aEuropa e l'economia politica del sistema-mondo$962269 997 $aUNINA